000
00227nam a22000857a 4500
008
160630b xxu||||| |||| 00| 0 eng d
100
_9
1464
_a
Sandu, H., et al
245
_a
Baking is Fun
260
_a
New Delhi
_b
Arya Publication
_c
1993
999
_c
1212
_d
1212